000 00434nmm a2200157Ia 4500
008 251105s9999||||xx |||||||||||||||||und||
041 _abaq
100 _aLopetegi, J.A.
245 0 _aKaixo, ni naiz Pirata!
264 _a[Madrid, España] :
_bEditorial Saure,
_c2013
300 _a49 páginas
490 _aPirate
650 _aGraphic novels (Comics)
856 _uhttps://public.digitaliapublishing.com/a/60216
942 _cCF
999 _c100466
_d100466